The Dudley Boyz all-time opponents - Statistics

General Stats
  • This quiz has been taken 76 times
  • The average score is 14 of 51
Answer Stats
Answer % Correct
Edge & Christian
100%
The Hardy Boyz
95%
The Brothers of Destruction
83%
Sabu & Rob Van Dam
60%
T&A
60%
Beer Money, Inc.
58%
The APA
58%
The New Age Outlaws
58%
The Rock 'n' Sock Connection
58%
The New Day
53%
Too Cool
53%
America's Most Wanted
50%
The Gangstas
43%
Billy & Chuck
40%
La Resistance
38%
The Eliminators
33%
The Headbangers
33%
Evolution
30%
The Golden Truth
30%
The Nasty Boys
30%
Enzo Amore & Big Cass
28%
The Hollys
28%
The Usos
28%
3 Minute Warning
23%
Axl Rotten & Balls Mahoney
23%
Right to Censor
23%
The F.B.I.
23%
The Ascension
20%
The Motor City Machine Guns
20%
The Outsiders
20%
The Pitbulls
20%
The Latin American Exchange
18%
The Blue World Order
15%
The Steiner Bros.
13%
Danny Doring & Roadkill
10%
The Shield
10%
The Basham Bros.
8%
Kaientai
5%
Lo Down
5%
Team Canada
5%
The Hype Bros.
5%
The Lucha Dragons
5%
The Young Bucks
5%
Ink, Inc.
3%
The Mean Street Posse
3%
The Wyatt Family
3%
PG-13
0%
The British Invasion
0%
The Killer Elite Squad
0%
The Midnight Express
0%
The Naturals
0%
No matching quizzes found
Score Distribution
Percent of People with Each Score
Percentile by Number Answered
Your Score History
You have not taken this quiz